Bài giảng công nghệ khai thác và bảo vệ nguồn lợi hải sản

Na minha lista:
Detalhes bibliográficos
Autor principal: Lê Xuân Tài
Formato: Livro
Idioma:Undetermined
Publicado em: Nha Trang Trường Đại học Thuỷ sản 2001
Assuntos:
Tags: Adicionar Tag
Sem tags, seja o primeiro a adicionar uma tag!
Thư viện lưu trữ: Trung tâm Học liệu Trường Đại học Cần Thơ
LEADER 00554nam a2200181Ia 4500
001 CTU_66612
008 210402s9999 xx 000 0 und d
082 |a 639.22 
082 |b T103 
100 |a Lê Xuân Tài 
245 0 |a Bài giảng công nghệ khai thác và bảo vệ nguồn lợi hải sản 
245 0 |c Lê Xuân Tài 
260 |a Nha Trang 
260 |b Trường Đại học Thuỷ sản 
260 |c 2001 
650 |a fishing nets 
904 |i Truc 
980 |a Trung tâm Học liệu Trường Đại học Cần Thơ